Grid converters for photovoltaic and wind power systems

Guardat en:
Dades bibliogràfiques
Autors principals: Teodorescu, Remus (Autor), Liserre, Marco (Autor), Rodríguez, Pedro (Autor)
Format: Llibre
Idioma:anglès
Publicat: Chichester John Wiley and Sons 2011
Edició:1a. ed
Matèries:
Etiquetes: Afegir etiqueta
Sense etiquetes, Sigues el primer a etiquetar aquest registre!

MARC

LEADER 00000cam a2200000 a 4500
001 UCF2571
003 CL-VaPUC
008 120830e20110000UK |||||||||||||||||eng|d
020 |a 9780470057513 
082 0 4 |a 621.31244  |b TEO  |2 21 
100 0 |a Teodorescu, Remus  |e author  |9 564254 
700 0 |a Liserre, Marco  |e author  |9 564255 
700 0 |a Rodríguez, Pedro  |e author  |9 564256 
245 1 0 |a Grid converters for photovoltaic and wind power systems 
250 |a 1a. ed 
300 |a 398 p 
942 |c BK 
945 |d 20120830 00:00:00  |a cmena 
260 |a Chichester  |b John Wiley and Sons  |c 2011 
650 7 |a CONVERTIDORES ELECTRICOS  |2 CL-VaPUC  |9 345464 
650 0 |a Energía fotovoltaica  |9 545869 
650 0 |a Energía eólica  |9 316611 
650 7 |a EQUIPOS Y ACCESORIOS  |2 CL-VaPUC  |9 10 
583 |a last modification  |c 20120830 10:25:00  |k Rodrigo Vera 
999 |c 349113  |d 349111 
952 |0 0  |1 0  |4 0  |6 621_312440000000000_TEO_2011  |7 0  |8 A  |9 451544  |a BIBING  |b BIBING  |d 2019-11-22  |i 4898478  |l 1  |o 621.31244 TEO 2011  |p 4898478  |r 2025-01-20  |s 2022-03-04  |w 2019-11-22  |y BK  |k EIE